000 00445nam a2200181Ia 4500
001 1874
005 20260306143800.0
008 260306t2010||||xx |||||||||||||| ||spa||
041 _aESP
082 _a158.1
_bA49
100 _aÁlvarez de Mon, Santiago
_eAUT
245 0 _aCon ganas, ganas:
_bDel esfuerzo a la plenitud
260 _c2010
300 _a280 páginas :
_c22 cm.
650 _aGEN
654 _aCPS
942 _cLIB
_dJUS
_fJUS
_2ddc
_n
999 _c1874
_d1874